Improving reading skills /

Kaydedildi:
Detaylı Bibliyografya
Yazar: Spean, Deanne Milan
Materyal Türü: Kitap
Dil:English
Baskı/Yayın Bilgisi: McGraw - Hill Co, 2000.
Edisyon:Fourth Edition
Konular:
Etiketler: Etiketle
Etiket eklenmemiş, İlk siz ekleyin!
Thư viện lưu trữ: Mạng thư viện Đại học Đà Nẵng
LEADER 01006cam a22003131a 4500
001 000034563
003 10765
005 20240918154849.0
008 151027s2000 000 eng
020 |a 0-07-229722-0 
041 |a eng 
082 |a 420.8  |b SP-D 
100 |a Spean, Deanne Milan 
245 0 |a Improving reading skills /  |c Deanne Milan Spean. 
250 |a Fourth Edition 
260 |a McGraw - Hill Co,  |c 2000. 
300 |a 498p. : ;  |c 24cm. 
650 |a Improving reading skills 
653 |a reading skills  |a reading 
OWN |a LNN 
AVA |a UDN50  |b LNN  |c English  |d 420.8 SF-D  |e available  |t Error 5001 Not defined in file expand_doc_bib_avail.  |f 3  |g 0  |h N  |i 0  |j AN 
999 |a From the UDN01 
AVA |a UDN50  |b LNN  |c English  |d 420.8 SF-D  |e available  |t Error 5001 Not defined in file expand_doc_bib_avail.  |f 3  |g 0  |h N  |i 0  |j AN 
TYP |a Monograph 
TYP |a Printed language 
980 |a Mạng thư viện Đại học Đà Nẵng